Virtuálna mena v účtovníctve podnikateľa účtujúceho v sústave podvojného účtovníctva

Pokračovanie príspevku z predchádzajúceho čísla. Zdaňovanie virtuálnej meny. Ilustračné príklady.

Guardado en:
Detalles Bibliográficos
Autor principal: Šlosárová, Anna
Otros Autores: Blahušiaková, Miriama, 1980-
Formato: Capítulo de libro
Lenguaje:eslovaco
Materias:
Etiquetas: Agregar Etiqueta
Sin Etiquetas, Sea el primero en etiquetar este registro!

MARC

LEADER 00000naa a2200000 4500
001 0249652
005 20240502074008.0
041 0 |a slo 
044 |a SK 
245 1 0 |a Virtuálna mena v účtovníctve podnikateľa účtujúceho v sústave podvojného účtovníctva  |c Anna Šlosárová, Miriama Blahušiaková 
520 |a Pokračovanie príspevku z predchádzajúceho čísla. Zdaňovanie virtuálnej meny. Ilustračné príklady. 
610 2 0 |a mena virtuálna 
610 2 0 |a zdaňovanie 
610 2 0 |a účtovníctvo podvojné 
610 2 0 |a úpravy právne 
100 1 |a Šlosárová, Anna 
700 1 |a Blahušiaková, Miriama, 1980-